Polysemy in cognitive linguistics (Record no. 224577)
[ view plain ]
| 000 -LEADER | |
|---|---|
| fixed length control field | 02758nam a2200397 a 4500 |
| 082 04 - DEWEY DECIMAL CLASSIFICATION NUMBER | |
| Classification number | 401/.43 |
| 245 10 - TITLE STATEMENT | |
| Title | Polysemy in cognitive linguistics |
| 260 ## - PUBLICATION, DISTRIBUTION, ETC. (IMPRINT) | |
| Place of publication | Amsterdam ; |
| -- | Philadelphia : |
| Name of publisher | John Benjamins Pub. Co., |
| Year of publication | c2001. |
| 300 ## - PHYSICAL DESCRIPTION | |
| Number of Pages | xxvii, 296 p. : |
| Other physical details | ill. |
| 490 1# - SERIES STATEMENT | |
| Series statement | Amsterdam studies in the theory and history of linguistic science. Series IV, Current issues in linguistic theory, |
| 500 ## - GENERAL NOTE | |
| General note | Held July 14-19, 1997, Free University of Amsterdam. |
| 505 0# - FORMATTED CONTENTS NOTE | |
| Formatted contents note | The spatial and non-spatial senses of the German preposition �uber / Birgitta Meex -- Scalar particles and the sequential space construction / Tuomas Huumo -- A frame-based approach to polysemy / Willy Martin -- Where do the senses of Cora va'a- come from? / Eugene H. Casad -- Why quirky case really isn't quirky, or, How to treat dative sickness in Icelandic / Michael B. Smith -- When a dance resembles a tree : a polysemy analysis of three Setswana noun classes / Kari-Anne Selvik -- Systemic polysemy in the Southern Bantu noun class system / A.P. Hendrikse -- Psycholinguistic perpsectives on polysemy / Raymond W. Gibbs Jr. & Teenie Matlock -- The embodied approach to the polysemy of the spatial preposition on / Dinara A. Beitel, Raymond W. Gibbs Jr. & Paul Sanders -- Processing polysemous, homonymous, and vague adjectives / Frank Brisard, Gert van Rillaer & Dominick Sandra. |
| 650 #0 - SUBJECT ADDED ENTRY--TOPICAL TERM | |
| Topical Term | Polysemy |
| Topical Term | Cognitive grammar |
| 700 1# - ADDED ENTRY--PERSONAL NAME | |
| Personal name | Cuyckens, H. |
| Personal name | Zawada, Britta. |
| 856 40 - ELECTRONIC LOCATION AND ACCESS | |
| Uniform Resource Identifier | http://site.ebrary.com/lib/rucke/Doc?id=10481810 |
No items available.
